| 000 | 00509mam a2200157 a 4500 | ||
|---|---|---|---|
| 020 | _a9054109580 | ||
| 082 |
_a658.155 _bINT _cL-39, P-167 |
||
| 245 | 1 | 0 |
_aIntegrated risk assessment : _cedited by M.G. Stewart & R.E. Melchers. |
| 260 |
_aRotterdam ; _aBrookfield : _bA.A. Balkema, _cc1995. |
||
| 300 |
_aviii, P-243 _bill. ; _c26 cm. |
||
| 526 |
_a0 _b0 _c0 _d658_155000000000000_INT |
||
| 650 | 0 |
_aRisk assessment _91890 |
|
| 700 | 1 |
_aMelchers, R. E. _943154 |
|
| 700 | 1 |
_aStewart, M. G. _944772 |
|
| 942 |
_2ddc _cBK |
||
| 999 |
_c548465 _d548465 |
||